000 00745nam a2200205Ia 4500
001 5679
003 GE_BSU
008 181216s||||||||xx |||||||||||||| ||und||
040 _cGE_BSU
080 _a515.146.5
100 _aКоннер П.
245 _aГладкие периодические отображения. Differentiable Periodic Mars.
245 _cПер. с английского Б.М. Пранова и В.М. Бухштабера. Под. Ред. В.М. Бухштабера и Д.Б. Фукса.
260 _aМосква
260 _bМир
260 _c1969
300 _a339 с. 22 см.
653 _aГладкие периодические отображения. Differentiable Periodic Mars.
942 _cBK
999 _c39104
_d39104